An introdution to language

Saved in:
Bibliographic Details
Format: Book
Published: 1990
Tags: Add Tag
No Tags, Be the first to tag this record!
Institutions: Mạng thư viện Đại học Đà Nẵng
LEADER 00438nam a22001811a 4500
001 000037916
003 14211
005 20160412021200.0
008 160412s1990 000
082 |a 4A(07)1421 
245 |a An introdution to language  |c Victoria Fromkin 
260 |c 1990 
OWN |a LNN 
999 |a From the UDN01 
TYP |a Monograph 
980 |a Mạng thư viện Đại học Đà Nẵng